Statistiques concernant Culture Générale - Série 1040

Cliquez ici pour prendre le quiz!

Statistiques générales

  • Ce quiz a été pris 55 fois
  • Le résultat moyen est 6 sur 10

Statistiques - réponses

Question Réponse % Correct
Quelle partie du visage est familièrement appelée "tarin" ?nez
94%
Pour quel sport Raymond Kopa a-t-il été élu meilleur joueur européen en 1958 ?football
87%
Quels appendices membraneux, soutenus par des rayons osseux, permettent aux poissons de se mouvoir dans l'eau ?nageoires
81%
Quel joueur de football a inscrit le dernier but de la finale de la Coupe du Monde 1998 ?Emmanuel Petit
70%
Le 20 mai 1882, l'accord, appelé "la triple alliance" a été conclu entre Allemagne, Autriche-Hongrie et ...Italie
69%
Selon l'expression, qui tire-t-on par la queue lorsque l'on est dans une situation financière précaire ?Le diable
67%
Sur quel arbuste épineux, de la famille des Rosacées, peut-on cueillir des mûrons, couramment appelés "mûres sauvages" ?ronce
67%
Sous quel nom connait-on mieux François Marie Arouet ?Voltaire
65%
Quel Jean est l'auteur de “Quand un vicomte” et de “Couchés dans le foin”, sur des musiques de Mireille ?Jean Nohain
11%
Quel animateur de télévision a publié en 2009, un livre intitulé : "Une Vie de chien, les compagnons fidèles des grands de ce monde" ?Stéphane Bern
7%

Distribution des résultats

Percentile par nombre de réponses

% des personnes avec chaque résultat

Votre développement - résultats

Vous n’avez pas pris ce quiz